| Tag |
First Indicator |
Second Indicator |
Subfields |
| LEADER |
00000cam a2200000 a 4500 |
| 001 |
in00000018402 |
| 005 |
20151007053230.0 |
| 008 |
870916c19871986ilu b 00110 eng |
| 010 |
|
|
|a 87027700
|
| 020 |
|
|
|a 0812690249 :
|c $28.95
|
| 020 |
|
|
|a 0812690257 (pbk.) :
|c $16.95
|
| 035 |
|
|
|a (OCoLC)16873199
|
| 035 |
|
|
|9 AAB0893AM
|
| 040 |
|
|
|a DLC
|c DLC
|d TXA
|d UtOrBLW
|
| 049 |
|
|
|a TXAM
|c [A11084323]
|
| 050 |
0 |
0 |
|a BL1138.66
|b .S57 1987
|
| 082 |
0 |
|
|a 294.5/924
|2 19
|
| 100 |
1 |
|
|a Sinha, Phulgenda,
|d 1924-
|
| 245 |
1 |
4 |
|a The Gita as it was :
|b rediscovering the original Bhagavadgita /
|c Phulgenda Sinha.
|
| 264 |
|
1 |
|a La Salle, Ill. :
|b Open Court,
|c 1987
|
| 264 |
|
4 |
|c ©1986
|
| 300 |
|
|
|a xx, 268 pages ;
|c 24 cm.
|
| 336 |
|
|
|a text
|b txt
|2 rdacontent
|
| 337 |
|
|
|a unmediated
|b n
|2 rdamedia
|
| 338 |
|
|
|a volume
|b nc
|2 rdacarrier
|
| 500 |
|
|
|a "Text of the original Gita": pages 155-238.
|
| 504 |
|
|
|a Bibliography: pages [247]-252.
|
| 500 |
|
|
|a Includes index.
|
| 630 |
0 |
0 |
|a Bhagavadgītā
|x Criticism, interpretation, etc.
|
| 730 |
0 |
2 |
|a Bhagavadgītā.
|l English and Sanskit.
|f 1987.
|
| 999 |
|
|
|a MARS
|
| 999 |
f |
f |
|s f8b1e3ba-cca0-364f-bb00-7af3516c52af
|i 1768cfd7-d351-3c16-8f4d-b40fad23b995
|t 0
|
| 952 |
f |
f |
|p ric
|a Texas A&M University
|b Rellis Campus
|c Joint Library Facility
|d Remote Storage
|t 0
|e BL1138.66 .S57 1987
|h Library of Congress classification
|i unmediated -- volume
|m A14811084323
|
| 998 |
f |
f |
|a BL1138.66 .S57 1987
|t 0
|l Remote Storage
|